LEADER 01542nam a2200289 i 4500 001 000000241795 003 CaOOAMICUS 005 20150518000000.0 008 150518s1980 it u000 u ita u 013 $a220700 040 $aSeMil$bita 100 1 $aChiarante, Giuseppe.$0(OLS)http://semarc/name/46896 245 13$aLa Democrazia Cristiana /$cGiuseppe Chiarante. 246 04$iTitolo in copertina:$aLa Democrazia cristiana : dal Partito popolare agli anni del potere. Gli uomini e le correnti. I rapporti con le classi dominanti e la base cattolica 260 $aRoma :$bEditori Riuniti,$c1980. 300 $a174 p. ;$c20 cm. 490 0 $aLibri di base ;$v12 490 0 $aLibri di base. Sez. 6, La società: istituzioni e forze politiche e sociali 500 $aContiene : Cronologia. 650 4$aDemocrazia Cristiana <1943-1994> - Storia.$0(OLS)http://semarc/subject/2147 830 0$aLibri di base ;$v12.$0(OLS)http://semarc/title/6441 830 0$aLibri di base. Sez. 6, La società: istituzioni e forze politiche e sociali.$0(OLS)http://semarc/title/11809 850 $aSeMil 852 $aSeMil$W1$xVenegono$y1$m3N III 315$j192141$B192141$CSeMilBibl$Z2$F202949 $81 996 $6246$aLa Democrazia cristiana : dal Partito popolare agli anni del potere. Gli uomini e le correnti. I rapporti con le classi dominanti e la base cattolica$9(OLS)http://semarc/title/343581 996 $6245$aLa Democrazia Cristiana$9(OLS)http://semarc/title/283776 996 $6260$aRoma :$bEditori Riuniti$9(OLS)http://semarc/publisher/30240 LEADER 00853nas a2200205 i 4500 001 000000191628 003 CaOOAMICUS 005 20100812000000.0 008 100812b1940 it uu u0 0mul r 013 $a170198 040 $aSeMil$bita 245 10$a[Senza titolo]. 260 $aTaurini ; Romae :$bEx. Off. Libr. Marietti a. 1820 condita,$c1940. 300 $a280 p. ;$c24 cm. 773 0 $tActa Pont. Academiae Romanae S. Thomae Aq. et religionis catholicae.$dTaurini ; Romae : Ex Off. Libr. Marietti a. 1820 condita, 1934.$w()19495 850 $aSeMil 852 $aSeMil$W1$xVenegono$y1$m2O IV 205$j142242$B142242$CSeMilBibl$Z2$F153757 $81 961 $aRecupero: Deposito 996 $6245$a[Senza titolo]$9(OLS)http://semarc/title/276128 996 $6260$aTaurini ; Romae :$bEx. Off. Libr. Marietti a. 1820 condita$9(OLS)http://semarc/publisher/50322